01486nab a22002537a 4500999001500000003000400015005001700019008004100036040000700077100003900084245014800123260007200271300001500343500005000358505033700408505012300745505009000868650002600958650004000984650003201024650002401056773013901080942001301219 c6002d6002OSt20260115223204.0190605e xxu||||| |||| 00| 0 spa d cPJ 96814aSala Sarmiento, Cristian M. 10aAnálisis económico y jurídico del art. 12 de la Ley de Riesgos del Trabajo. ¿Una luz al final del camino? /cCristian M. Sala Sarmiento. aCiudad Autónoma de Buenos Aires :bThomson Reuters La Ley,c2025. ap. 217-224 aCita Online: Cita: TR LALEY AR/DOC/349/2025. aSumario: I. Introducción.— II. Desarrollo del tema.— III. El ingreso base mensual. No necesidad de declarar la inconstitucionalidad del art. 12, LRT.— IV. Comparación económica con la aplicación de las normas involucradas sobre el apart. 2°, art. 12 de la LRT. Línea de tiempo. Casos testigos.— V. Conclusiones.  aFallo comentado: CNTrab., sala X ~ 03/12/2024 ~ Tramando S.A c. Querin Cortez, Franco s/ revisión de cosa juzgada. t¿Te interesa el texto completo? Solicitalo al correo: koha@justierradelfuego.gov.ar  091316aDERECHO LABORAL 091482aLEY SOBRE RIESGOS DEL TRABAJO 091417aACCIDENTES DE TRABAJO 091382aINDEMNIZACION0 0271193168dCiudad Autónoma de Buenos Aires : Thomson Reuters La Ley, 1999-2002.tRevista de derecho del trabajo. Nº 2 - Marzo 2025 2udccANA